000 00555cam a2200193 4500500
005 20260329002959.0
041 _afre
042 _adc
100 1 0 _aTenaillon, Nicolas
_eauthor
245 0 0 _aCommun
260 _c2014.
500 _a77
690 _aCapitalisme
690 _aChristian Laval
690 _aPierre Dardot
690 _aRévolution
786 0 _nPhilosophie magazine | 79 | 5 | 2014-05-01 | p. 77-77 | 1951-1787
856 4 1 _uhttps://shs.cairn.info/magazine-philosophie-magazine-2014-5-page-77?lang=fr&redirect-ssocas=7080
999 _c1820239
_d1820239